Nice To Meet Ya - Niall Horan (All Lyrics) - Statistics

General Stats
  • This quiz has been taken 251 times
  • The average score is 243 of 278
Answer Stats
Answer % Correct
a
100%
I
100%
my
100%
you
100%
You
100%
your
100%
the
99%
Every
98%
me
98%
on
98%
time
98%
when
98%
around
97%
be
97%
there
97%
turn
97%
come
96%
disappear
96%
know
96%
to
96%
To
96%
want
96%
Nice
95%
swear
95%
in
94%
meet
93%
number
93%
won't
93%
ya
93%
arm
92%
like
92%
way
92%
talk
91%
tattooed
90%
comes
89%
morning
89%
things
89%
ink
88%
wear
88%
what
88%
'Cause
83%
name?
82%
treat
79%
what's
79%
Let
78%
drink
74%
love
74%
for
73%
so
73%
mer
69%
got
68%
la
68%
wanna
68%
just
67%
with
66%
blow
63%
j'adore
63%
mind
63%
take
63%
somewhere
60%
I'm
58%
you're
57%
need
55%
Been
54%
been?
54%
gonna
54%
One
54%
one
54%
next
51%
all
48%
gone
48%
minute
48%
night
48%
now
45%
waiting
45%
warm
44%
Where
43%
No matching quizzes found
Score Distribution
Percent of People with Each Score
Percentile by Number Answered
Your Score History
You have not taken this quiz